000 00961cam a22002531 4500
001 84240
003 BD-RjUL
005 20250519111313.0
008 241105s1951 pk 000 0 urd
035 _a(BD-RjUL)84240
040 _aDLC
_cMiU
_dDLC
_beng
041 _aurd
082 _223
_a891.4395
_bHAQ 1951
100 0 _aʻAbdulḥaq,:عبدالحق،
_d1869-1961
_914054
245 1 0 _aقواعد اردو / Qawāid-i- Urdū /
_c: مولوى عبدالحق, ، , ʻAbdulḥaqq,
250 _a4th.ed
260 _aKarācī:
_b انجمن ترقی اردو پاکستان،,/ Anjuman Taraqqī-yi Urdū Pākistān,
_c1951
300 _a361 p. p. ;
_c22 cm.
490 0 _aSilsilah-yi matbūʻāt-i Anjuman Taraqqi-yi Urdū (pakistan) #سلسلہ مطبوعات انجمن ترقی اردو ;
500 _aIn Urdu.
650 0 _aUrdu language
_xGrammar.
_913595
830 _aسلسلہ مطبوعات انجمن ترقی اردو
_9220
942 _2ddc
_cBK
999 _c84240
_d84240